Matemáticas : bachillerato 2 /

Guardado en:
Autor Principal: Guzmán, Miguel de
Otros Autores: Colera, José, Salvador, Adela
Formato: Libro
Publicado: Barcelona : Anaya, 1991
Materias:
Etiquetas: Agregar Etiqueta
Sin Etiquetas, Sea el primero en etiquetar este registro!
LEADER 01171nam a22002175a 4500
001 CEM.cems017760
005 20120316112958.0
008 130507s1991##################000#0#####d
003 CEMS
020 |a 8420728721 
082 0 4 |a 510 
100 1 |a Guzmán, Miguel de 
245 1 0 |a Matemáticas :  |b bachillerato 2 /  |c Miguel Guzmán, José Colera y Adela Salvador 
260 |a Barcelona :  |b Anaya,  |c 1991 
300 |a 350 p. 
505 0 |a Sucesiones -- Límita de una sucesión -- El número e -- Semejanza -- Razones trigonométricas -- Funciones trigonométricas -- Funciones -- Gráficas de funciones -- Funciones, gráficas y fórmulas -- Límite de una función -- Cálculo de límites -- Derivadas -- Función derivada -- Integrales -- Cálculo de áreas -- Integral, concepto y cálculo -- Funciones exponencial y logarítmica -- La función exponencial -- La función logarítmica -- Geometría -- Vectores -- Geometría análitica -- Circunferencia y esfera -- Geometría celeste 
653 |a Matemática 
653 |a Matemática-bachillerato 
700 1 |a Colera, José 
700 1 |a Salvador, Adela 
859 |a CEMS  |b BIB. CEMS - Agricultura  |h 510  |i G994  |p A1523.12  |t Ej.1  |v 2  |3 2